Southville International School and Colleges
Your cart is empty.
  • Cart
  • Lists
    Public lists Eva Luna New books Lux_list list_1
    Your lists Log in to create your own lists
  • Log in to your account
  • Your cookies
  • Search history
Southville International School and Colleges
  • Advanced search
  • Recent comments
  • Most popular
  • Libraries

Log in to your account

Log in with GOOGLE


If you do not have an external account, but do have a local account, you can still log in:

  1. Home
  2. MARC view: Military economics :
Normal view MARC view ISBD view

Military economics : (Record no. 25427)

[ view plain ]
MARC details
000 -LEADER
fixed length control field 01211nam a2200265 a 4500
003 - CONTROL NUMBER IDENTIFIER
control field SISC
005 - DATE AND TIME OF LATEST TRANSACTION
control field 20170126145301.0
008 - FIXED-LENGTH DATA ELEMENTS--GENERAL INFORMATION
fixed length control field 121030s19uu xx 00 eng d
020 ## - INTERNATIONAL STANDARD BOOK NUMBER
International Standard Book Number 9780230337176
050 ## - LIBRARY OF CONGRESS CALL NUMBER
Classification number HD 9743.A2
Item number .Sm65 2011
100 ## - MAIN ENTRY--PERSONAL NAME
Personal name Smith, Ron.
245 ## - TITLE STATEMENT
Title Military economics :
Remainder of title the interaction of power and money /
Statement of responsibility, etc Ron Smith.
250 ## - EDITION STATEMENT
Edition statement Paperback edition.
260 ## - PUBLICATION, DISTRIBUTION, ETC. (IMPRINT)
Place of publication, distribution, etc Basingstoke [England] ; New York :
Name of publisher, distributor, etc Palgrave Macmillan,
Date of publication, distribution, etc 2011.
300 ## - PHYSICAL DESCRIPTION
Extent 194 pages ;
Dimensions 23 cm.
500 ## - GENERAL NOTE
General note Includes bibliographical references and index.
520 ## - SUMMARY, ETC.
Summary, etc "Military power needs to be financed and economic development is often shaped by military conflict, thus the interaction of military and economy, power and money is central to the modern world. This book provides an accessible introduction to the economics of the use of organised force, with a wide range of historical and current examples"--Provided by publisher.
650 ## - SUBJECT ADDED ENTRY--TOPICAL TERM
Topical term or geographic name as entry element Defense industries.
650 ## - SUBJECT ADDED ENTRY--TOPICAL TERM
Topical term or geographic name as entry element Military policy
General subdivision Economic aspects.
650 ## - SUBJECT ADDED ENTRY--TOPICAL TERM
Topical term or geographic name as entry element Armed Forces
General subdivision Appropriations and expenditures.
650 ## - SUBJECT ADDED ENTRY--TOPICAL TERM
Topical term or geographic name as entry element Military administration.
650 ## - SUBJECT ADDED ENTRY--TOPICAL TERM
Topical term or geographic name as entry element Military policy.
942 ## - ADDED ENTRY ELEMENTS (KOHA)
Koha item type Books
Source of classification or shelving scheme Library of Congress Classification
Call number prefix Foreign
Holdings
Withdrawn status Lost status Source of classification or shelving scheme Damaged status Home library Current library Shelving location Date acquired Source of acquisition Cost, normal purchase price Total Checkouts Full call number Barcode Date last seen Copy number Price effective from Koha item type
    Library of Congress Classification   College Library College Library General Circulation Section 10/30/2012 Donation 2583.00   HD 9743.A2 .Sm65 2011 C15493 05/15/2018 1 10/18/2013 Books

Military economics :

APA

Smith R., . (2011). Military economics. Basingstoke [England] ; New York: Palgrave Macmillan.

Chicago

Smith Ron, . 2011. Military economics. Basingstoke [England] ; New York: Palgrave Macmillan.

Harvard

Smith R., . (2011). Military economics. Basingstoke [England] ; New York: Palgrave Macmillan.

MLA

Smith Ron, . Military economics. Basingstoke [England] ; New York: Palgrave Macmillan. 2011.

  • Place hold
  • Print
  • Cite
  • Add to your cart (remove)
  • Save record
    BIBTEX Dublin Core MARCXML MARC (non-Unicode/MARC-8) MARC (Unicode/UTF-8) MARC (Unicode/UTF-8, Standard) MODS (XML) RIS
  • More searches
    Search for this title in:
    Other Libraries (WorldCat) Other Databases (Google Scholar) Online Stores (Bookfinder.com) Open Library (openlibrary.org)

Exporting to Dublin Core...

SOUTHVILLE LIBRARY

Southville International School and Colleges Library

1281 Tropical Ave. Cor. Luxembourg St., BF Homes International, Las Pinas City

Tel. No. 8256374 / 252358 Loc. 117/146

Powered by Koha